| 000 | 01323nam a22002295a 4500 | ||
|---|---|---|---|
| 003 | OSt | ||
| 005 | 20170115135237.0 | ||
| 008 | 170114s2015 ua fr 000 0 ara d | ||
| 040 |
_aEG-ScBUE _bara _cEG-ScBUE |
||
| 043 | _af-ua--- | ||
| 082 | 0 | 4 |
_a624.18340962 _bك و د _222 |
| 110 | 1 |
_aمصر. _bوزارة الإسكان والمرافق والمجتمعات العمرانية. _bالمركز القومي لبحوث الإسكان والبناء. |
|
| 245 | 1 | 2 |
_aمواصفات بنود أعمال الخرسانة المسلحة : _bالرقم الكودي 902 / 7 - 1995 / _cالمركز القومي لبحوث الإسكان والبناء، وزارة الإسكان والمرافق والمجتمعات العمرانية ؛ اللجنة الدائمة للإعداد الكود المصري. |
| 260 |
_aالقاهرة : _bوزارة الإسكان والمرافق والمجتمعات العمرانية، المركز القومي لبحوث الإسكان والبناء، _c2015. |
||
| 300 |
_a59 ص. : _bإيض. ؛ _c28 سم. |
||
| 650 | 7 |
_aالخرسانة المسلحة _zمصر. _2BUEsh |
|
| 650 | 7 |
_aالمنشآت الخرسانية _zمصر. _2BUEsh |
|
| 651 | _2BUEsh | ||
| 653 |
_bENGARC _cJanuary2017 |
||
| 710 | 2 | _aاللجنة الدائمة للإعداد الكود المصري. | |
| 942 | _2ddc | ||
| 999 |
_c23934 _d23906 |
||